01530nam a2200373 a 4500001001200000003000800012006001900020007001500039008004100054020001800095020001800113020002200131040002100153035002100174043001200195050002200207100002900229245013700258246006100395260002800456300001100484490007300495504005100568533015200619650004600771650003100817650002500848650003200873655002900905710001700934830006200951856012601013999001701139ebr10270714CaPaEBRm u cr cn|||||||||090501s2007 ne sb 001 0 eng d z9789004161665 z9789047421269 z900416166X (hbk.) aCaPaEBRcCaPaEBR a(OCoLC)646788919 ae-gx---14aB905b.H87 2007eb1 aHurth, Elisabeth,d1961-10aBetween faith and unbeliefh[electronic resource] :bAmerican transcendentalists and the challenge of atheism /cby Elisabeth Hurth.30aAmerican transcendentalists and the challenge of atheism aLeiden :bBrill,c2007. a219 p.1 aStudies in the history of Christian traditions,x1573-5664 ;vv. 136 aIncludes bibliographical references and index. aElectronic reproduction.bPalo Alto, Calif. :cebrary,d2013.nAvailable via World Wide Web.nAccess may be limited to ebrary affiliated libraries. 0aTranscendentalism (New England)xHistory. 0aAtheismzGermanyxHistory. 0aAtheismxPhilosophy. 0aTranscendentalismxHistory. 7aElectronic books.2local2 aebrary, Inc. 0aStudies in the history of Christian traditions ;vv. 136.40uhttp://site.ebrary.com/lib/rucke/Doc?id=10270714zAn electronic book accessible through the World Wide Web; click to view c23796d23796